African Gardens and Orchards : (Record no. 1267)

MARC details
000 -LEADER
fixed length control field 00715nam a22002057a 4500
005 - DATE AND TIME OF LATEST TRANSACTION
control field 20240527081216.0
008 - FIXED-LENGTH DATA ELEMENTS--GENERAL INFORMATION
fixed length control field 240527b |||||||| |||| 00| 0 eng d
020 ## - INTERNATIONAL STANDARD BOOK NUMBER
International Standard Book Number 0333490762
020 ## - INTERNATIONAL STANDARD BOOK NUMBER
International Standard Book Number 2871050082
040 ## - CATALOGING SOURCE
Original cataloging agency KMU
Transcribing agency KMU
Modifying agency KMU
050 ## - LIBRARY OF CONGRESS CALL NUMBER
Classification number SB 354.6.A31 DUP
100 ## - MAIN ENTRY--PERSONAL NAME
Personal name Dupriez, Hugues
245 ## - TITLE STATEMENT
Title African Gardens and Orchards :
Remainder of title Growing vegetables and fruits /
Statement of responsibility, etc. By Hugues Dupriez and Philippe De Leener ; translated by Bridaine O'Meara ; with advice from H.D.Tindall
260 ## - PUBLICATION, DISTRIBUTION, ETC.
Place of publication, distribution, etc. London :
Name of publisher, distributor, etc. The Macmillan press ,
Date of publication, distribution, etc. 1989.
300 ## - PHYSICAL DESCRIPTION
Extent 333 pages ;
Other physical details illus :
Dimensions 28 cm.
500 ## - GENERAL NOTE
General note Includes an index.
650 ## - SUBJECT ADDED ENTRY--TOPICAL TERM
Topical term or geographic name entry element Africa Crops--Fruit production
700 ## - ADDED ENTRY--PERSONAL NAME
Personal name De Leener, Philippe
942 ## - ADDED ENTRY ELEMENTS (KOHA)
Source of classification or shelving scheme Library of Congress Classification
Koha item type Non-Fiction
Suppress in OPAC No
Holdings
Withdrawn status Lost status Source of classification or shelving scheme Damaged status Not for loan Collection Home library Current library Shelving location Date acquired Source of acquisition Total Checkouts Full call number Barcode Date last seen Price effective from Koha item type
    Library of Congress Classification     Non-fiction Kapasa Makasa University Kapasa Makasa University Open Access 27.05.2024 Book Aid   SB 354.6.A31 Dup 726692 27.05.2024 27.05.2024 Non-Fiction